Principles of electronics : (Record no. 3522)
[ view plain ]
| 000 -LEADER | |
|---|---|
| fixed length control field | 00763nam a22002417a 4500 |
| 001 - CONTROL NUMBER | |
| control field | 2093 |
| 003 - CONTROL NUMBER IDENTIFIER | |
| control field | BD-DhUAP |
| 005 - DATE AND TIME OF LATEST TRANSACTION | |
| control field | 20210110123029.0 |
| 008 - FIXED-LENGTH DATA ELEMENTS--GENERAL INFORMATION | |
| fixed length control field | 200308r19991980ii a|||| |||| 001 0 eng d |
| 020 ## - INTERNATIONAL STANDARD BOOK NUMBER | |
| International Standard Book Number | 8121917239 |
| 040 ## - CATALOGING SOURCE | |
| Original cataloging agency | BD-DhUAP |
| Language of cataloging | Eng |
| Transcribing agency | BD-DhUAP |
| Modifying agency | BD-DhUAP |
| 082 ## - DEWEY DECIMAL CLASSIFICATION NUMBER | |
| Edition number | 23 |
| Classification number | 621.381 MEH |
| 100 ## - MAIN ENTRY--PERSONAL NAME | |
| Personal name | Mehta, V. K. |
| 245 ## - TITLE STATEMENT | |
| Title | Principles of electronics : |
| Remainder of title | (for Diploma, AMIE, Degree & other Engg. examinations) / |
| Statement of responsibility, etc. | V. K. Mehta. |
| 250 ## - EDITION STATEMENT | |
| Edition statement | 6th rev. ed. |
| 260 ## - PUBLICATION, DISTRIBUTION, ETC. | |
| Place of publication, distribution, etc. | Ram Nagar, New Delhi : |
| Name of publisher, distributor, etc. | S. Chand, |
| Date of publication, distribution, etc. | c1980 [Reprinted 2000]. |
| 300 ## - PHYSICAL DESCRIPTION | |
| Extent | 556 pages : |
| Other physical details | illustrations ; |
| Dimensions | 24 cm. |
| 500 ## - GENERAL NOTE | |
| General note | Includes index. |
| 650 ## - SUBJECT ADDED ENTRY--TOPICAL TERM | |
| Topical term or geographic name entry element | Electronics. |
| 650 ## - SUBJECT ADDED ENTRY--TOPICAL TERM | |
| Topical term or geographic name entry element | Electronic apparatus and appliances. |
| 650 ## - SUBJECT ADDED ENTRY--TOPICAL TERM | |
| Topical term or geographic name entry element | Integrated circuits. |
| 942 ## - ADDED ENTRY ELEMENTS (KOHA) | |
| Source of classification or shelving scheme | |
| Koha item type | Book |
| Withdrawn status | Lost status | Source of classification or shelving scheme | Damaged status | Not for loan | Permanent Location | Current Location | Shelving location | Date acquired | Full call number | Barcode | Date last seen | Copy number | Price effective from | Koha item type |
|---|---|---|---|---|---|---|---|---|---|---|---|---|---|---|
| UAP Central Library | UAP Central Library | General Stacks | 2020-03-08 | 621.381 MEH | 3010002093 | 2020-03-08 | 1 | 2020-03-08 | Book | |||||
| UAP Central Library | UAP Central Library | General Stacks | 2020-03-08 | 621.381 MEH | 3010000674 | 2021-01-10 | 2 | 2020-03-08 | Book | |||||
| UAP Central Library | UAP Central Library | General Stacks | 2020-03-08 | 621.381 MEH | 3010000675 | 2021-01-10 | 3 | 2020-03-08 | Book | |||||
| UAP Central Library | UAP Central Library | General Stacks | 2020-03-08 | 621.381 MEH | 3010000681 | 2021-01-10 | 4 | 2020-03-08 | Book | |||||
| UAP Central Library | UAP Central Library | General Stacks | 2020-03-08 | 621.381 MEH | 3010002118 | 2021-01-10 | 5 | 2020-03-08 | Book | |||||
| UAP Central Library | UAP Central Library | General Stacks | 2020-03-08 | 621.381 MEH | 3010002089 | 2021-01-10 | 6 | 2020-03-08 | Book | |||||
| UAP Central Library | UAP Central Library | General Stacks | 2020-03-08 | 621.381 MEH | 3010002094 | 2021-01-10 | 7 | 2020-03-08 | Book | |||||
| UAP Central Library | UAP Central Library | General Stacks | 2020-03-08 | 621.381 MEH | 3010002088 | 2021-01-10 | 8 | 2020-03-08 | Book | |||||
| UAP Central Library | UAP Central Library | General Stacks | 2020-03-08 | 621.381 MEH | 3010002090 | 2021-01-10 | 9 | 2020-03-08 | Book | |||||
| UAP Central Library | UAP Central Library | General Stacks | 2020-03-08 | 621.381 MEH | 3010002095 | 2021-01-10 | 10 | 2020-03-08 | Book | |||||
| UAP Central Library | UAP Central Library | General Stacks | 2020-03-08 | 621.381 MEH | 3010002096 | 2021-01-10 | 11 | 2020-03-08 | Book | |||||
| UAP Central Library | UAP Central Library | General Stacks | 2020-03-08 | 621.381 MEH | 3010002092 | 2021-01-10 | 12 | 2020-03-08 | Book | |||||
| UAP Central Library | UAP Central Library | General Stacks | 2020-03-08 | 621.381 MEH | 3010002091 | 2021-01-10 | 13 | 2020-03-08 | Book |
Bengali Keyboard